| 000 | 00770nam a22002411u 4500 | ||
|---|---|---|---|
| 001 | 05990 | ||
| 003 | HDC | ||
| 007 | cr bn ---aaaaa | ||
| 008 | 210122p2012 | d 00 engg | ||
| 040 | _aHDC | ||
| 245 | 0 | _aBusiness Advocate | |
| 260 |
_a[no place] : _b[publisher not identified], _c2012 |
||
| 300 | _a 1 online resource (27 pages) | ||
| 336 |
_atext _2rdacontent |
||
| 337 |
_acomputer _2rdamedia |
||
| 338 |
_aonline resource _2rdacarrier |
||
| 650 |
_aAgricultural sector _96306 |
||
| 650 |
_abusiness growth _92219 |
||
| 856 | _zRequest full-text at [email protected] | ||
| 942 | _2lcc | ||
| 942 | _cEIS | ||
| 942 | _kREPT 000245 | ||
| 999 |
_c3314 _d3314 |
||